000
00315nam a22001337a 4500
008
171016b xxu||||| |||| 00| 0 eng d
020
_a
066990225-X
041
_a
eng
080
_a
33
100
_a
52
101
_a
EKO
245
_a
THE FUTURE OF THE INTERNATIONAL ECONOMIC ORDER
_c
BERGSTEN,C.F
942
_2
udc
_c
BK
999
_c
34067
_d
34067